[Event "FLORIPA CHESS OPEN 2015"]
[Site "Florianopolis/SC"]
[Date "2015.01.16"]
[Round "6"]
[Board "33"]
[White "Madeira, Wagner Martins"]
[Black "Bianchi, Willian Domingues"]
[Result "1-0"]
[WhiteElo "2191"]
[BlackElo "1914"]
[PlyCount "155"]
[EventDate "2015.01.14"]
[EventRounds "10"]
[EventCountry "BRA"]

1. e4 Nf6 2. e5 Nd5 3. Nc3 Nb6 4. d4 d6 5. Nf3 g6 6. Be2 Bg7 7. exd6 cxd6 8.
Be3 Nc6 9. Qd2 Bg4 10. b3 Rc8 11. Rd1 O-O 12. O-O Nb4 13. a3 N4d5 14. Nxd5 Nxd5
15. c4 Nxe3 16. fxe3 e5 17. Ne1 Bxe2 18. Qxe2 Qb6 19. Qd3 Rfe8 20. Nc2 a5 21.
b4 f5 22. c5 Qc7 23. cxd6 Qxd6 24. bxa5 Qd5 25. dxe5 Qxd3 26. Rxd3 Rxe5 27. Rb1
Rce8 28. Ne1 Rxe3 29. Rxe3 Bd4 30. Rxb7 Bxe3+ 31. Kf1 Ra8 32. Ke2 Bc5 33. Rb5
Bxa3 34. Nd3 Bd6 35. Nb2 Bxh2 36. Nc4 Kg7 37. Rb7+ Kh6 38. Kd3 Bg1 39. Kc3 f4
40. Kb4 g5 41. Kb5 Ra7 42. a6 Rxb7+ 43. axb7 Ba7 44. Ne5 Bb8 45. Nd7 g4 46.
Nxb8 f3 47. gxf3 gxf3 48. Nc6 f2 49. b8=Q f1=Q+ 50. Kc5 Qc1+ 51. Kd5 Qd2+ 52.
Ke6 Qe3+ 53. Ne5 Qh3+ 54. Ke7 Qa3+ 55. Kf7 Qa2+ 56. Kf8 Qa3+ 57. Ke8 Qa4+ 58.
Kf7 Qa2+ 59. Kf6 Qf2+ 60. Ke6 Qa2+ 61. Kf6 Qf2+ 62. Ke7 Qc5+ 63. Ke8 Qa5 64.
Qd6+ Kh5 65. Nf7 Kg4 66. Qd4+ Kf5 67. Qd3+ Kf4 68. Qd4+ Kf5 69. Qd3+ Kf6 70.
Qd6+ Kf5 71. Qd7+ Kf6 72. Qe7+ Kg6 73. Qe4+ Kf6 74. Qe7+ Kg6 75. Ne5+ Kf5 76.
Qxh7+ Kf4 77. Qh4+ Kf5 78. Qg4+ 1-0

[Event "FLORIPA CHESS OPEN 2015"]
[Site "Florianopolis/SC"]
[Date "2015.01.16"]
[Round "6"]
[Board "34"]
[White "Borges, Victor Hugo Moreira"]
[Black "Takeda, Lucas Koji"]
[Result "1-0"]
[WhiteElo "2143"]
[BlackElo "1903"]
[PlyCount "85"]
[EventDate "2015.01.14"]
[EventRounds "10"]
[EventCountry "BRA"]

1. e4 c5 2. Nf3 e6 3. d4 cxd4 4. Nxd4 Nf6 5. Nc3 d6 6. Be3 Be7 7. g4 a6 8. g5
Nfd7 9. h4 Qc7 10. Qh5 Ne5 11. f4 Nc4 12. Bxc4 Qxc4 13. O-O-O b5 14. a3 Nc6 15.
f5 b4 16. axb4 Nxb4 17. fxe6 Bxe6 18. Nf5 Bxf5 19. exf5 Na2+ 20. Nxa2 Qxa2 21.
Bd4 Qa1+ 22. Kd2 Qa5+ 23. c3 Rb8 24. b4 Qxf5 25. Rde1 Qd5 26. Qe2 Rb7 27. Qe4
Qxe4 28. Rxe4 O-O 29. Rhe1 Bd8 30. Ra1 f6 31. gxf6 Bxf6 32. Rxa6 Bxd4 33. Rxd4
Rf2+ 34. Ke3 Rc2 35. Kd3 Rh2 36. Raxd6 h6 37. Rc6 Kf7 38. Kc4 Rc2 39. h5 Ra7
40. Kb3 Raa2 41. Rd7+ Kg8 42. Rc8+ Kh7 43. Rdd8 1-0

[Event "FLORIPA CHESS OPEN 2015"]
[Site "Florianopolis/SC"]
[Date "2015.01.16"]
[Round "6"]
[Board "35"]
[White "Queiroz, Alberto Becker"]
[Black "Fuck, Vinicius Rios"]
[Result "1-0"]
[WhiteElo "2111"]
[BlackElo "1887"]
[PlyCount "109"]
[EventDate "2015.01.14"]
[EventRounds "10"]
[EventCountry "BRA"]

1. e4 e5 2. f4 d5 3. exd5 e4 4. d3 exd3 5. Qxd3 Nf6 6. Nc3 Be7 7. Nf3 O-O 8.
Be2 Nbd7 9. Be3 Nc5 10. Qc4 Ncd7 11. O-O-O a6 12. Ne5 Bd6 13. Bd4 b5 14. Qd3
Nc5 15. Qe3 b4 16. Nc6 Qe8 17. Bxc5 bxc3 18. Qxe8 Rxe8 19. Bxd6 cxd6 20. Bf3
cxb2+ 21. Kxb2 Bg4 22. Bxg4 Nxg4 23. Rd2 Kf8 24. c4 Re4 25. c5 Ne3 26. Kc3 Ke8
27. cxd6 Nf5 28. Rdd1 Nxd6 29. Rhe1 f5 30. g4 g6 31. gxf5 gxf5 32. Rxe4+ fxe4
33. Kd4 Kd7 34. Rg1 Nf5+ 35. Kc5 Rf8 36. Rb1 Nd6 37. Rb6 Kc7 38. Na5 Rf6 39.
Rc6+ Kd7 40. Nc4 e3 41. Nxe3 Ne4+ 42. Kd4 Rxf4 43. Ke5 Rh4 44. Rc4 Rxh2 45.
Rxe4 Rxa2 46. Rh4 h5 47. Rxh5 Re2 48. Rh7+ Kc8 49. Kd4 a5 50. Nc4 Ra2 51. Ra7
a4 52. Nb6+ Kb8 53. Rxa4 Rh2 54. Ra7 Rh6 55. Kc5 1-0

[Event "FLORIPA CHESS OPEN 2015"]
[Site "Florianopolis/SC"]
[Date "2015.01.16"]
[Round "6"]
[Board "36"]
[White "Silva, Lucas Henrique Da"]
[Black "Farah, Daniel Landshoff"]
[Result "1-0"]
[WhiteElo "2096"]
[BlackElo "1879"]
[PlyCount "27"]
[EventDate "2015.01.14"]
[EventRounds "10"]
[EventCountry "BRA"]

1. d4 d5 2. c4 c6 3. Nc3 Nf6 4. Nf3 e6 5. e3 Bd6 6. Qc2 Nbd7 7. Be2 O-O 8. b3
Qe7 9. O-O dxc4 10. Bxc4 e5 11. Bb2 e4 12. Ng5 Nb6 13. Ncxe4 Nxc4 14. Nxf6+ 1-0

[Event "FLORIPA CHESS OPEN 2015"]
[Site "Florianopolis/SC"]
[Date "2015.01.16"]
[Round "6"]
[Board "37"]
[White "Peixoto, Helio Ricardo Soutinh"]
[Black "Fonseca, Luis Ernesto Serra Az"]
[Result "1-0"]
[WhiteElo "1948"]
[BlackElo "2088"]
[PlyCount "84"]
[EventDate "2015.01.14"]
[EventRounds "10"]
[EventCountry "BRA"]

1. e4 c5 2. Nf3 d6 3. g3 g6 4. Bg2 Bg7 5. O-O Nc6 6. Qe2 Bg4 7. c3 Qd7 8. d3
Ne5 9. Rd1 Rd8 10. d4 cxd4 11. cxd4 Nc6 12. Be3 Nf6 13. Nc3 d5 14. exd5 Nxd5
15. Nxd5 Qxd5 16. h3 Be6 17. Ne5 Qd6 18. Qb5 O-O 19. Nxc6 bxc6 20. Qxc6 Qxc6
21. Bxc6 Bxh3 22. d5 Bf5 23. Bd4 Bxd4 24. Rxd4 Bc8 25. Re1 e6 26. d6 Bd7 27.
Rc1 Kg7 28. b4 Bxc6 29. Rxc6 Rd7 30. b5 e5 31. Rd2 Kf6 32. a4 Re8 33. Rc7 Ke6
34. Rdc2 Kxd6 35. R7c6+ Ke7 36. R2c5 f6 37. g4 Rb7 38. g5 Rf8 39. gxf6+ Rxf6
40. Rc7+ Rxc7 41. Rxc7+ Kd8 42. Rc6 Ke7 1-0

[Event "FLORIPA CHESS OPEN 2015"]
[Site "Florianopolis/SC"]
[Date "2015.01.16"]
[Round "6"]
[Board "38"]
[White "Rippel Junior, Jair"]
[Black "Reis, Virginia Lagrange M."]
[Result "0-1"]
[WhiteElo "2058"]
[BlackElo "1865"]
[PlyCount "87"]
[EventDate "2015.01.14"]
[EventRounds "10"]
[EventCountry "BRA"]

1. Nf3 c5 2. e4 g6 3. Bc4 Bg7 4. O-O Nc6 5. c3 d6 6. h3 Nf6 7. Re1 O-O 8. Bb3
Bd7 9. d3 b5 10. Bf4 e5 11. Be3 Na5 12. Bc2 Nh5 13. Nbd2 h6 14. Nf1 Qf6 15. Kh2
Nf4 16. Qd2 g5 17. Bxf4 gxf4 18. a3 Qe7 19. b4 Nc6 20. Bb3 Be6 21. Bd5 Rac8 22.
Ra2 Rfd8 23. Rc2 Qd7 24. Bxe6 fxe6 25. Kh1 cxb4 26. cxb4 d5 27. Rec1 Ne7 28.
Qe2 Rxc2 29. Rxc2 Rc8 30. Rxc8+ Qxc8 31. exd5 exd5 32. Nxe5 Qe6 33. d4 Nf5 34.
Qxb5 Nxd4 35. Qb8+ Kh7 36. Ng4 Qe1 37. Ngh2 Qxf2 38. Qxa7 Qe1 39. Qa6 Ne2 40.
Qd3+ Kh8 41. Qd2 Qf2 42. Nf3 Qxf1+ 43. Kh2 Bd4 44. Qe1 0-1

[Event "FLORIPA CHESS OPEN 2015"]
[Site "Florianopolis/SC"]
[Date "2015.01.16"]
[Round "6"]
[Board "39"]
[White "Cordioli, Jairo Ribeiro"]
[Black "Lazzarotto, Marcio"]
[Result "0-1"]
[WhiteElo "1921"]
[BlackElo "2035"]
[PlyCount "84"]
[EventDate "2015.01.14"]
[EventRounds "10"]
[EventCountry "BRA"]

1. d4 Nf6 2. c4 e6 3. Nc3 Bb4 4. e3 O-O 5. Bd3 d5 6. Nf3 c5 7. O-O dxc4 8. Bxc4
Nc6 9. a3 Bxc3 10. bxc3 Qc7 11. Bb2 Rd8 12. Qe2 a6 13. a4 Na5 14. Ba2 Bd7 15.
Rac1 Bxa4 16. c4 Bc6 17. dxc5 Be4 18. Bd4 Nc6 19. Bb1 Bxf3 20. Qxf3 Nxd4 21.
exd4 Rxd4 22. c6 Qxc6 23. Qxc6 bxc6 24. c5 a5 25. Rfd1 Rxd1+ 26. Rxd1 Nd5 27.
Kf1 Nc3 28. Rc1 Nxb1 29. Rxb1 a4 30. Ra1 a3 31. Ra2 Kf8 32. Ke2 Ke7 33. Kd3 e5
34. Kc4 Ke6 35. f3 g5 36. g3 f5 37. h3 h5 38. Kb4 e4 39. fxe4 fxe4 40. Kc4 Ke5
41. Kc3 Kd5 42. Kb3 e3 0-1

[Event "FLORIPA CHESS OPEN 2015"]
[Site "Florianopolis/SC"]
[Date "2015.01.16"]
[Round "6"]
[Board "40"]
[White "Okawati, Gabriel Akira"]
[Black "Massarioli, Felipe Alvarenga"]
[Result "0-1"]
[WhiteElo "1920"]
[BlackElo "2027"]
[PlyCount "55"]
[EventDate "2015.01.14"]
[EventRounds "10"]
[EventCountry "BRA"]

1. e4 c6 2. d4 d5 3. exd5 cxd5 4. Bd3 Nf6 5. c3 e6 6. Bf4 Bd6 7. Bxd6 Qxd6 8.
Nf3 Nc6 9. O-O O-O 10. Nbd2 b6 11. Qe2 Bb7 12. Ne5 Ne7 13. f4 Ng6 14. Rf3 Nd7
15. Raf1 f5 16. Nxd7 Qxd7 17. Rh3 Rf6 18. Qh5 Nf8 19. Rg3 Qa4 20. Bb1 Ba6 21.
Re1 Qb5 22. b3 Qd7 23. Qd1 Qc7 24. Rf3 Ng6 25. g3 Rc8 26. Rfe3 Nf8 27. h3 h6
28. Bd3 {Ilegivel} 0-1

[Event "FLORIPA CHESS OPEN 2015"]
[Site "Florianopolis/SC"]
[Date "2015.01.16"]
[Round "6"]
[Board "41"]
[White "Sa, Edivaldo Alves De"]
[Black "Ferreira, Rodrigo Maycon Miran"]
[Result "0-1"]
[WhiteElo "2026"]
[BlackElo "1844"]
[PlyCount "116"]
[EventDate "2015.01.14"]
[EventRounds "10"]
[EventCountry "BRA"]

1. d4 d6 2. c4 e5 3. dxe5 dxe5 4. Qxd8+ Kxd8 5. e4 Be6 6. Nf3 f6 7. a3 Nd7 8.
Be3 Bc5 9. Bd2 Nb6 10. b3 g5 11. h3 h5 12. Nc3 c6 13. Bd3 Kc7 14. Ke2 Rd8 15.
Be3 Bd4 16. Rac1 Kb8 17. Nd2 Ne7 18. c5 Nd7 19. b4 Ng6 20. g3 h4 21. g4 Nf4+
22. Bxf4 exf4 23. Bc4 Rhe8 24. Bxe6 Rxe6 25. f3 Be3 26. Rc2 Ne5 27. Ncb1 Re7
28. a4 Rd4 29. b5 Rxa4 30. bxc6 Nxc6 31. Nb3 Rb4 32. N1d2 Bxd2 33. Nxd2 Nd4+
34. Kd1 Rd7 35. Kc1 Ne2+ 36. Kd1 Rb1+ 37. Kxe2 Rxh1 38. Nf1 Kc7 39. c6 bxc6 40.
Rc5 Rd6 41. e5 Re6 42. Kf2 Rxe5 43. Rc2 Rxh3 44. Kg2 Rg3+ 45. Nxg3 hxg3 46. Ra2
a5 47. Kh3 Kb6 48. Rb2+ Rb5 49. Rc2 a4 50. Rc4 Ka5 51. Rxc6 Kb4 52. Rxf6 a3 53.
Ra6 Kb3 54. Rd6 a2 55. Rd1 Kc2 56. Rg1 Rb1 57. Rg2+ Kb3 58. Rb2+ Kxb2 0-1

[Event "FLORIPA CHESS OPEN 2015"]
[Site "Florianopolis/SC"]
[Date "2015.01.16"]
[Round "6"]
[Board "42"]
[White "Barbisan Junior, Sergio"]
[Black "Salustiano, Murilo Gimenez"]
[Result "1/2-1/2"]
[WhiteElo "1886"]
[BlackElo "2026"]
[PlyCount "42"]
[EventDate "2015.01.14"]
[EventRounds "10"]
[EventCountry "BRA"]

1. Nf3 d5 2. d4 Nf6 3. Bg5 Bf5 4. e3 Nbd7 5. c4 c6 6. Nc3 e6 7. Bd3 Bxd3 8.
Qxd3 Be7 9. h3 O-O 10. O-O Re8 11. Bf4 Nf8 12. e4 dxe4 13. Nxe4 Nxe4 14. Qxe4
Ng6 15. Bh2 Qb6 16. b3 c5 17. Rad1 Rad8 18. d5 exd5 19. Rxd5 Bf8 20. Qd3 Rxd5
21. cxd5 Bd6 1/2-1/2

[Event "FLORIPA CHESS OPEN 2015"]
[Site "Florianopolis/SC"]
[Date "2015.01.16"]
[Round "6"]
[Board "43"]
[White "Ikeda, Vinicius Yasuto"]
[Black "Fonseca Rodrigues, Edson"]
[Result "1/2-1/2"]
[WhiteElo "1862"]
[BlackElo "2024"]
[PlyCount "136"]
[EventDate "2015.01.14"]
[EventRounds "10"]
[EventCountry "BRA"]

1. Nf3 Nf6 2. c4 g6 3. Nc3 Bg7 4. g3 c6 5. e4 d6 6. Bg2 O-O 7. O-O e5 8. d3 Qc7
9. b4 Ne8 10. Rb1 f5 11. Qb3 h6 12. c5+ Kh7 13. Be3 f4 14. gxf4 exf4 15. Bd4 g5
16. h3 g4 17. hxg4 Bxg4 18. cxd6 Nxd6 19. Bc5 b6 20. Bxd6 Qxd6 21. Nh2 f3 22.
Nxg4 Qg6 23. Ne3 Bd4 24. Ncd1 Rg8 25. Re1 fxg2 26. Qc2 Bxe3 27. Nxe3 Qh5 28. f4
Qh1+ 29. Kf2 Qh4+ 30. Kg1 Qh1+ 31. Kf2 Qh2 32. Rg1 Qxf4+ 33. Ke2 Rg3 34. Nxg2
Qf3+ 35. Ke1 Qxd3 36. Qxd3 Rxd3 37. Ke2 Ra3 38. Rb2 Nd7 39. Rf1 Ne5 40. Rf4 Rg8
41. Ne1 Rg1 42. Rd2 Nc4 43. Rd7+ Kg6 44. Nf3 Rxa2+ 45. Kd3 b5 46. Nxg1 Rd2+ 47.
Kc3 Rxd7 48. Nf3 Rf7 49. Rg4+ Kh7 50. Rg3 Re7 51. Kd4 Nd6 52. Rg4 h5 53. Rf4
Nf7 54. Rf6 Nd8 55. Ke3 Rc7 56. Rf5 Kh6 57. Rf6+ Kg7 58. Rf5 Kg6 59. Rg5+ Kh6
60. Re5 Nf7 61. Re6+ Kg7 62. Kd4 a5 63. bxa5 c5+ 64. Kd5 c4 65. Rc6 Ra7 66. a6
Nd8 67. Rb6 c3 68. Ne1 h4 1/2-1/2

[Event "FLORIPA CHESS OPEN 2015"]
[Site "Florianopolis/SC"]
[Date "2015.01.16"]
[Round "6"]
[Board "44"]
[White "Hirota Da Silva, Nilton"]
[Black "Carstens Dobuchak, Thiago"]
[Result "1-0"]
[WhiteElo "2019"]
[BlackElo "1816"]
[PlyCount "73"]
[EventDate "2015.01.14"]
[EventRounds "10"]
[EventCountry "BRA"]

1. d4 Nf6 2. e3 g6 3. f4 Bg7 4. Nf3 d6 5. Bd3 O-O 6. O-O Nfd7 7. f5 c5 8. c3 d5
9. Nbd2 Nc6 10. Qe1 c4 11. Bc2 Nf6 12. fxg6 hxg6 13. Qh4 Nh7 14. e4 e6 15. Qg3
b5 16. a3 a5 17. e5 Ne7 18. Nh4 Nf5 19. Nxf5 exf5 20. Nf3 Be6 21. Ng5 Nxg5 22.
Bxg5 Qb6 23. Bxf5 Rfe8 24. Bxe6 Rxe6 25. Kh1 Ra7 26. Rf2 b4 27. axb4 axb4 28.
Rxa7 Qxa7 29. Qf3 bxc3 30. bxc3 Rb6 31. h4 Qd7 32. Kh2 Rb3 33. Ra2 Qb7 34. Ra5
Kh7 35. h5 Bh6 36. hxg6+ fxg6 37. Qh3 1-0

[Event "FLORIPA CHESS OPEN 2015"]
[Site "Florianopolis/SC"]
[Date "2015.01.16"]
[Round "6"]
[Board "45"]
[White "Boabaid, Jorge Alberto Duardes"]
[Black "Cadilhac, Igor Tokuichi Kikuch"]
[Result "0-1"]
[WhiteElo "1846"]
[BlackElo "2015"]
[PlyCount "88"]
[EventDate "2015.01.14"]
[EventRounds "10"]
[EventCountry "BRA"]

1. e4 c5 2. Nf3 d6 3. d4 cxd4 4. Nxd4 Nf6 5. Nc3 g6 6. Be3 Bg7 7. f3 O-O 8. Bc4
Nc6 9. Qd2 Bd7 10. Bb3 Rc8 11. O-O-O Ne5 12. h4 h5 13. Kb1 Nc4 14. Bxc4 Rxc4
15. Qd3 Rc8 16. Bg5 a5 17. Ndb5 Be6 18. Nd5 Nxd5 19. exd5 Bf5 20. Qd2 Rxc2 21.
Qxc2 Bxc2+ 22. Kxc2 Qd7 23. a4 Qf5+ 24. Kb3 Rc8 25. Rd2 Qe5 26. Rd4 Qe2 27.
Rhd1 Rc2 28. R1d2 Rxd2 29. Rxd2 Qe5 30. Nc3 Bf6 31. Re2 Qf5 32. Bxf6 Qxf6 33.
Re4 Kf8 34. Ka3 Qf5 35. Kb3 Ke8 36. Kc4 Qc8+ 37. Kb3 Qc5 38. g4 Qf2 39. gxh5
gxh5 40. Rf4 Qg3 41. Ne2 Qh2 42. Re4 f5 43. Re6 Qxh4 44. f4 Qf2 0-1

[Event "FLORIPA CHESS OPEN 2015"]
[Site "Florianopolis/SC"]
[Date "2015.01.16"]
[Round "6"]
[Board "46"]
[White "Lopes, Marcelo Ferreira"]
[Black "Pedruzzi, Pedro Henrique"]
[Result "1/2-1/2"]
[WhiteElo "2002"]
[BlackElo "1812"]
[PlyCount "69"]
[EventDate "2015.01.14"]
[EventRounds "10"]
[EventCountry "BRA"]

1. e4 c5 2. Nf3 e6 3. d4 cxd4 4. Nxd4 Nf6 5. Bd3 Nc6 6. Nb3 d5 7. exd5 exd5 8.
O-O Be7 9. Nc3 O-O 10. h3 h6 11. Nb5 a6 12. N5d4 Re8 13. Be3 Bd6 14. Bf5 Ne7
15. Bxc8 Rxc8 16. Qf3 Ng6 17. Nd2 Nh4 18. Qd1 Bb8 19. g3 Rxe3 20. fxe3 Bxg3 21.
N2f3 Qd7 22. Qe2 Ne4 23. Nxh4 Bxh4 24. Qg4 Nd6 25. Rf3 g6 26. Raf1 Rf8 27. Ne6
h5 28. Qd4 Qxe6 29. Qxh4 Ne4 30. Rd1 Qc6 31. Qe7 Qxc2 32. Rxd5 Qc1+ 33. Kg2
Qxb2+ 34. Kg1 Qc1+ 35. Kg2 1/2-1/2

[Event "FLORIPA CHESS OPEN 2015"]
[Site "Florianopolis/SC"]
[Date "2015.01.16"]
[Round "6"]
[Board "47"]
[White "Martins, Anderson Donay"]
[Black "Serafim Junior, Arnor"]
[Result "1-0"]
[WhiteElo "2000"]
[BlackElo "1816"]
[PlyCount "64"]
[EventDate "2015.01.14"]
[EventRounds "10"]
[EventCountry "BRA"]

1. e4 c5 2. Nf3 e6 3. d4 cxd4 4. Nxd4 Nc6 5. Be2 Nf6 6. Bf3 a6 7. O-O Qc7 8.
Be3 Ne5 9. b3 b5 10. Nd2 Bb7 11. c3 Rc8 12. Rc1 Qb8 13. Qe2 Qa8 14. Bf4 Nxf3+
15. gxf3 Be7 16. c4 O-O 17. cxb5 d5 18. e5 Nh5 19. Be3 axb5 20. f4 g6 21. f5
exf5 22. Nxf5 Ba3 23. Rxc8 Qxc8 24. Nh6+ Kh8 25. Bg5 Qe6 26. h3 f6 27. Qg4
Qxg4+ 28. hxg4 fxg5 29. gxh5 gxh5 30. e6 Rf6 31. Nf7+ Kg7 32. Nd8 Bc8 {Ilegivel
} 1-0

[Event "FLORIPA CHESS OPEN 2015"]
[Site "Florianopolis/SC"]
[Date "2015.01.16"]
[Round "6"]
[Board "48"]
[White "Rodrigues, Julliano De Araujo"]
[Black "Boff, Andre Ricardo"]
[Result "0-1"]
[WhiteElo "1823"]
[BlackElo "2000"]
[PlyCount "126"]
[EventDate "2015.01.14"]
[EventRounds "10"]
[EventCountry "BRA"]

1. e4 e6 2. d4 d5 3. Nc3 Bb4 4. e5 c5 5. a3 Bxc3+ 6. bxc3 Qa5 7. Bd2 Qa4 8. Rb1
a6 9. Bc1 Nc6 10. Ne2 Nge7 11. g4 h5 12. Bh3 hxg4 13. Bxg4 Nxe5 14. dxe5 Qxg4
15. Rg1 Qf5 16. Bf4 Rh4 17. Rg5 Qe4 18. Bg3 Qh1+ 19. Kd2 Qxd1+ 20. Kxd1 Rh7 21.
a4 Rb8 22. Nf4 Bd7 23. Nd3 c4 24. Nc5 Bc6 25. Nxa6 Rc8 26. Nc5 Ra8 27. Nxb7
Bxb7 28. Rxb7 Rxa4 29. Rb8+ Kd7 30. Rb7+ Kd8 31. Rg4 Nf5 32. Rxf7 Ra6 33. Kd2
Ke8 34. Rb7 Kf8 35. Bf4 Ra8 36. Rg1 Re8 37. Rgb1 Re7 38. Rxe7 Kxe7 39. Rb7+ Ke8
40. Ke2 Rh5 41. Kf3 Ne7 42. Kg4 g6 43. h4 Nc6 44. Rg7 Nxe5+ 45. Bxe5 Rxe5 46.
Rxg6 Kf7 47. Rg5 Re2 48. h5 Rxf2 49. h6 Rh2 50. Rg7+ Kf6 51. Rh7 Rxc2 52. Rh8
Rh2 53. Rf8+ Kg6 54. Re8 Re2 55. Rh8 d4 56. cxd4 c3 57. Rc8 Re4+ 58. Kf3 Rxd4
59. Rxc3 Rd6 60. Ke4 Kxh6 61. Ke5 Ra6 62. Rf3 Kg7 63. Rf6 Ra5+ 0-1

[Event "FLORIPA CHESS OPEN 2015"]
[Site "Florianopolis/SC"]
[Date "2015.01.16"]
[Round "6"]
[Board "49"]
[White "Hille Junior, Waltercler"]
[Black "Alboredo, Julia"]
[Result "0-1"]
[WhiteElo "1761"]
[BlackElo "1995"]
[PlyCount "103"]
[EventDate "2015.01.14"]
[EventRounds "10"]
[EventCountry "BRA"]

1. d4 d5 2. c4 e6 3. Nc3 c6 4. cxd5 exd5 5. Nf3 Nf6 6. Bg5 Be7 7. Qc2 g6 8. e3
Bf5 9. Bd3 Bxd3 10. Qxd3 Nbd7 11. O-O O-O 12. Rab1 a5 13. a3 Re8 14. b4 axb4
15. axb4 Ne4 16. Bxe7 Qxe7 17. Qc2 Ndf6 18. Nd2 Nxc3 19. Qxc3 Qd6 20. Rb3 Ra2
21. Ra3 Ra8 22. Rxa8+ Rxa8 23. Qb3 Nd7 24. Rc1 Ra6 25. Qc3 Rb6 26. Rb1 Rb5 27.
Rb3 Nb8 28. e4 Na6 29. exd5 cxd5 30. Qc8+ Kg7 31. Rf3 Rxb4 32. g3 Qe6 33. Qd8
Rxd4 34. Nf1 Rd1 35. Kg2 d4 36. Ne3 Rd2 37. Nf5+ gxf5 38. Qg5+ Kf8 39. Qxd2 Qe4
40. Qh6+ Ke7 41. Qg7 Nc5 42. Qxh7 Nd3 43. Qh4+ Qxh4 44. gxh4 Ne1+ 45. Kg3 Nxf3
46. Kxf3 b5 47. Ke2 b4 48. Kd2 b3 49. Kc1 d3 50. f4 Kf6 51. h5 Kg7 52. h4 0-1

[Event "FLORIPA CHESS OPEN 2015"]
[Site "Florianopolis/SC"]
[Date "2015.01.16"]
[Round "6"]
[Board "50"]
[White "Librelato, Kathie Goulart"]
[Black "Franceschina, Dalvan"]
[Result "1-0"]
[WhiteElo "1787"]
[BlackElo "1993"]
[PlyCount "83"]
[EventDate "2015.01.14"]
[EventRounds "10"]
[EventCountry "BRA"]

1. e4 c5 2. Nf3 Nc6 3. d4 cxd4 4. Nxd4 Nf6 5. Nc3 e6 6. Ndb5 d6 7. Bf4 e5 8.
Bg5 a6 9. Na3 Be7 10. Bxf6 Bxf6 11. Nc4 Be7 12. Nd5 b5 13. Ncb6 Rb8 14. Nxc8
Rxc8 15. c3 O-O 16. Bd3 Re8 17. a4 Rb8 18. axb5 axb5 19. Qe2 b4 20. Bb5 Rc8 21.
Nxb4 Nxb4 22. Bxe8 Qxe8 23. cxb4 Rb8 24. O-O Rxb4 25. Ra7 Rb8 26. Rfa1 g6 27.
h3 Bd8 28. Ra8 Bb6 29. Qa6 Kg7 30. Rxb8 Qxb8 31. b4 Qc7 32. Qd3 Bd4 33. Rb1 Qb6
34. Qe2 f5 35. exf5 gxf5 36. b5 Kg6 37. Rc1 Bc5 38. Ra1 Kf6 39. Ra6 Qb8 40. Qc4
Qc7 41. Rc6 Qa7 42. Qxc5 1-0

[Event "FLORIPA CHESS OPEN 2015"]
[Site "Florianopolis/SC"]
[Date "2015.01.17"]
[Round "7"]
[Board "1"]
[White "Bachmann, Axel"]
[Black "Molina, Roberto Junio Brito"]
[Result "0-1"]
[WhiteElo "2629"]
[BlackElo "2408"]
[PlyCount "78"]
[EventDate "2015.01.14"]
[EventRounds "10"]
[EventCountry "BRA"]

1. Nf3 d5 2. g3 c6 3. Bg2 Bg4 4. O-O Nd7 5. d3 e6 6. Qe1 Bd6 7. e4 Ne7 8. Nbd2
O-O 9. h3 Bh5 10. Nh4 Ng6 11. Nxg6 Bxg6 12. f4 f6 13. Kh1 Qc7 14. Nf3 Rae8 15.
b3 h6 16. Qe2 Bh7 17. Bb2 c5 18. c4 dxe4 19. dxe4 f5 20. Rad1 fxe4 21. Nd2 e5
22. Nxe4 exf4 23. Qd3 Bxe4 24. Bxe4 Nf6 25. Bg2 Be5 26. Bxe5 Qxe5 27. Rxf4 b6
28. Rdf1 Rd8 29. Qc2 Rd6 30. g4 Kh8 31. Qg6 Rd1 32. Rxd1 Qxf4 33. Rf1 Qe3 34.
Qc2 Rd8 35. Rd1 Rd4 36. Qb1 Ne4 37. Re1 Ng3+ 38. Kh2 Ne2 39. Rf1 Qe5+ 0-1

[Event "FLORIPA CHESS OPEN 2015"]
[Site "Florianopolis/SC"]
[Date "2015.01.17"]
[Round "7"]
[Board "2"]
[White "Rodriguez Vila, Andres"]
[Black "Di Berardino, Diego Rafael"]
[Result "1-0"]
[WhiteElo "2444"]
[BlackElo "2484"]
[PlyCount "30"]
[EventDate "2015.01.14"]
[EventRounds "10"]
[EventCountry "BRA"]

1. e4 c5 2. Nf3 d6 3. g3 Nc6 4. Bg2 g6 5. O-O Bg7 6. c3 e5 7. a4 Nge7 8. Na3
O-O 9. d3 h6 10. Bd2 Be6 11. b4 b6 12. Re1 Rc8 13. Qe2 Kh7 14. Bc1 f5 15. exf5
gxf5 {Ilegivel} 1-0

[Event "FLORIPA CHESS OPEN 2015"]
[Site "Florianopolis/SC"]
[Date "2015.01.17"]
[Round "7"]
[Board "6"]
[White "Matsuura, Everaldo"]
[Black "Cordeiro, Marco Aurelio Zaror"]
[Result "1-0"]
[WhiteElo "2505"]
[BlackElo "2238"]
[PlyCount "59"]
[EventDate "2015.01.14"]
[EventRounds "10"]
[EventCountry "BRA"]

1. c4 e5 2. g3 Nc6 3. Bg2 f5 4. Nc3 Nf6 5. d3 Bc5 6. e3 d6 7. Nge2 O-O 8. d4
Bb6 9. O-O Kh8 10. Na4 Qe7 11. a3 Bd7 12. b4 exd4 13. Nxb6 axb6 14. exd4 Nxb4
15. Bxb7 Ra7 16. Bf3 Ne4 17. Qb3 Nc6 18. Be3 Na5 19. Qd3 Qf7 20. d5 Nb7 21.
Bxe4 fxe4 22. Qxe4 Bf5 23. Qh4 Bd3 24. Rfe1 Ra4 25. Rac1 Na5 26. Nf4 Bxc4 27.
Bd4 Bxd5 28. Nxd5 Qxd5 29. Bxg7+ Kxg7 30. Rxc7+ 1-0

[Event "FLORIPA CHESS OPEN 2015"]
[Site "Florianopolis/SC"]
[Date "2015.01.17"]
[Round "7"]
[Board "7"]
[White "Caetano, Hugo Zanotti Mendonca"]
[Black "Barbosa, Evandro Amorim"]
[Result "1-0"]
[WhiteElo "2215"]
[BlackElo "2449"]
[PlyCount "83"]
[EventDate "2015.01.14"]
[EventRounds "10"]
[EventCountry "BRA"]

1. d4 Nf6 2. c4 g6 3. Nc3 d5 4. cxd5 Nxd5 5. e4 Nxc3 6. bxc3 Bg7 7. Be3 c5 8.
Qd2 Qa5 9. Rc1 O-O 10. Nf3 Rd8 11. d5 e6 12. c4 Qxd2+ 13. Nxd2 b6 14. Be2 Na6
15. O-O Nb4 16. a3 Na2 17. Rc2 Nc3 18. Bf3 exd5 19. exd5 Bf5 20. Rcc1 Bd3 21.
Rfe1 Na2 22. Rcd1 b5 23. cxb5 c4 24. d6 Rab8 25. Bxa7 Rxb5 26. d7 Bf6 27. Bc6
c3 28. Bxb5 Bxb5 29. Re8+ Rxe8 30. dxe8=Q+ Bxe8 31. Ne4 Be7 32. Ra1 Bc6 33.
Rxa2 Bxe4 34. a4 c2 35. Be3 Bc5 36. Bc1 Kf8 37. a5 Ke8 38. Ra4 Bd5 39. a6 Ba7
40. Ra3 Kd7 41. Rc3 Bc6 42. Be3 1-0

[Event "FLORIPA CHESS OPEN 2015"]
[Site "Florianopolis/SC"]
[Date "2015.01.17"]
[Round "7"]
[Board "8"]
[White "Stamenkovic, Dragan"]
[Black "Villalba, Marcelo"]
[Result "1-0"]
[WhiteElo "2409"]
[BlackElo "2201"]
[PlyCount "83"]
[EventDate "2015.01.14"]
[EventRounds "10"]
[EventCountry "BRA"]

1. d4 d5 2. c4 e6 3. Nc3 Nf6 4. cxd5 exd5 5. Bg5 Nbd7 6. e3 Be7 7. Bd3 c6 8.
Qc2 Nh5 9. Bxe7 Qxe7 10. Nge2 Nb6 11. O-O g6 12. Rab1 O-O 13. b4 a6 14. Na4
Nxa4 15. Qxa4 Ng7 16. Qc2 Bf5 17. a4 Bxd3 18. Qxd3 b5 19. Qc3 Rac8 20. Nf4 Nf5
21. Ra1 Nd6 22. Qc5 Qd7 23. axb5 axb5 24. Ra7 Qd8 25. Rfa1 Nc4 26. R1a6 Qe8 27.
Re7 Qd8 28. Raa7 Qb6 29. Qxb6 Nxb6 30. Nd3 Nc4 31. Nc5 Nd6 32. g4 h6 33. Nd7
Rfd8 34. Ne5 Ra8 35. Nxc6 Rxa7 36. Rxa7 Re8 37. Ne7+ Kg7 38. Nxd5 Rc8 39. Nc7
Kf6 40. Kg2 h5 41. gxh5 gxh5 42. Nd5+ 1-0

[Event "FLORIPA CHESS OPEN 2015"]
[Site "Florianopolis/SC"]
[Date "2015.01.17"]
[Round "7"]
[Board "9"]
[White "Oliveira, Fernando Henrique"]
[Black "Quintiliano Pinto, Renato R."]
[Result "1/2-1/2"]
[WhiteElo "2162"]
[BlackElo "2364"]
[PlyCount "66"]
[EventDate "2015.01.14"]
[EventRounds "10"]
[EventCountry "BRA"]

1. d4 d5 2. c4 e6 3. Nf3 c6 4. Nbd2 Nf6 5. g3 Nbd7 6. Bg2 Bd6 7. O-O O-O 8. Qc2
Re8 9. Rd1 c5 10. b3 b6 11. e4 cxd4 12. cxd5 Bb7 13. dxe6 fxe6 14. Nxd4 Rc8 15.
Nc4 Ba6 16. a4 Bc5 17. Bh3 Bxd4 18. Rxd4 Bxc4 19. Rxc4 Rxc4 20. Qxc4 Nc5 21.
Bg5 Ncxe4 22. Bxe6+ Kh8 23. Qxe4 Nxe4 24. Bxd8 Rxd8 25. Re1 Nc5 26. Bc4 g6 27.
Kg2 Rd7 28. h4 Kg7 29. Re8 h5 30. Kh3 Kf6 31. Re3 Rc7 32. Bd5 Rd7 33. Bc4 Rc7
 1/2-1/2